[Event "Stay Safe Play From Home 169"]
[Site "T#646312Emanuel Laske"]
[Date "2020.05.24"]
[Round "7"]
[White "Castlingarrocco"]
[Black "SoulofWolf"]
[Result "0-1"]
[WhiteElo "2025"]
[BlackElo "2133"]
[PlyCount "104"]
[EventDate "2020.05.24"]
[EventType "swiss (blitz)"]

1. d4 {[%emt 0:00:01]} e6 {[%emt 0:00:00]} 2. e3 {[%emt 0:00:00]} c5 {[%emt 0:00:01]} 3. f4 {[%emt 0:00:00]} Nf6 {[%emt 0:00:00]} 4. c3 {[%emt 0:00:00]} d6 {[%emt 0:00:00]} 5. Nf3 {[%emt 0:00:01]} g6 {[%emt 0:00:00]} 6. Bd3 {[%emt 0:00:01]} Bg7 {[%emt 0:00:00]} 7. Qe2 {[%emt 0:00:00]} O-O {[%emt 0:00:00]} 8. Nbd2 {[%emt 0:00:00]} Nc6 {[%emt 0:00:00]} 9. e4 {[%emt 0:00:00]} e5 {[%emt 0:00:02]} 10. fxe5 {[%emt 0:00:01]} dxe5 {[%emt 0:00:00]} 11. d5 {[%emt 0:00:00]} Ne7 {[%emt 0:00:03]} 12. c4 {[%emt 0:00:00]} Qd6 {[%emt 0:00:01]} 13. b3 {[%emt 0:00:01]} h6 {[%emt 0:00:00]} 14. Bb2 {[%emt 0:00:01]} Nd7 {[%emt 0:00:00]} 15. O-O {[%emt 0:00:01]} f6 {[%emt 0:00:00]} 16. Bc2 {[%emt 0:00:01]} Kh7 {[%emt 0:00:00]} 17. Ne1 {[%emt 0:00:01]} f5 {[%emt 0:00:01]} 18. g3 {[%emt 0:00:01]} Nf6 {[%emt 0:00:03]} 19. exf5 {[%emt 0:00:01]} Bxf5 {[%emt 0:00:01]} 20. Bxf5 {[%emt 0:00:01]} Nxf5 {[%emt 0:00:00]} 21. Ne4 {[%emt 0:00:01]} Nxe4 {[%emt 0:00:01]} 22. Qxe4 {[%emt 0:00:00]} Nd4 {[%emt 0:00:00]} 23. Bxd4 {[%emt 0:00:02]} Rxf1+ {[%emt 0:00:01]} 24. Kxf1 {[%emt 0:00:01]} exd4 {[%emt 0:00:00]} 25. Kg1 {[%emt 0:00:01]} Rf8 {[%emt 0:00:00]} 26. Nf3 {[%emt 0:00:01]} Qf6 {[%emt 0:00:01]} 27. Rf1 {[%emt 0:00:01]} Rc8 {[%emt 0:00:04]} 28. Kg2 {[%emt 0:00:01]} Rd8 {[%emt 0:00:02]} 29. Rf2 {[%emt 0:00:01]} Rd7 {[%emt 0:00:01]} 30. h4 {[%emt 0:00:01]} a6 {[%emt 0:00:01]} 31. Ng5+ {[%emt 0:00:01]} hxg5 {[%emt 0:00:03]} 32. Rxf6 {[%emt 0:00:00]} Bxf6 {[%emt 0:00:00]} 33. hxg5 {[%emt 0:00:01]} Bxg5 {[%emt 0:00:01]} 34. Qe6 {[%emt 0:00:01]} Rg7 {[%emt 0:00:01]} 35. d6 {[%emt 0:00:01]} d3 {[%emt 0:00:01]} 36. d7 {[%emt 0:00:01]} d2 {[%emt 0:00:01]} 37. Qd5 {[%emt 0:00:01]} Rg8 {[%emt 0:00:03]} 38. Qd3 {[%emt 0:00:03]} Rd8 {[%emt 0:00:02]} 39. Kf3 {[%emt 0:00:02]} Kh6 {[%emt 0:00:00]} 40. Kg4 {[%emt 0:00:01]} b5 {[%emt 0:00:01]} 41. cxb5 {[%emt 0:00:01]} axb5 {[%emt 0:00:00]} 42. a4 {[%emt 0:00:00]} c4 {[%emt 0:00:01]} 43. bxc4 {[%emt 0:00:01]} bxc4 {[%emt 0:00:00]} 44. Qc2 {[%emt 0:00:01]} Rxd7 {[%emt 0:00:02]} 45. Qd1 {[%emt 0:00:02]} c3 {[%emt 0:00:01]} 46. Qh1+ {[%emt 0:00:01]} Kg7 {[%emt 0:00:00]} 47. Qa1 {[%emt 0:00:03]} d1=Q+ {[%emt 0:00:01]} 48. Kh3 {[%emt 0:00:02]} Qd4 {[%emt 0:00:00]} 49. Qf1 {[%emt 0:00:01]} Qf6 {[%emt 0:00:02]} 50. Qc1 {[%emt 0:00:01]} Rf7 {[%emt 0:00:01]} 51. Qc2 {[%emt 0:00:00]} Qf5+ {[%emt 0:00:01]} 52. Kg2 {[%emt 0:00:01]} Qxc2+ {[%emt 0:00:01] Castlingarrocco abbandona (Lag: Av=0.36s, max=0.9s)} 0-1

[Event "Stay Safe Play From Home 169"]
[Site "T#646312Emanuel Laske"]
[Date "2020.05.24"]
[Round "7"]
[White "The Next Contender"]
[Black "Fischer_11"]
[Result "1-0"]
[WhiteElo "1829"]
[BlackElo "1982"]
[Annotator "NA"]
[PlyCount "59"]
[EventDate "2020.05.24"]
[EventType "swiss (blitz)"]

1. d4 {[%emt 0:00:02]} Nf6 {[%emt 0:00:01]} 2. c4 {[%emt 0:00:02]} e6 {[%emt 0:00:00]} 3. g3 {[%emt 0:00:01]} d5 {[%emt 0:00:00]} 4. Bg2 {[%emt 0:00:01]} dxc4 {[%emt 0:00:00]} 5. Nf3 {[%emt 0:00:01]} a6 {[%emt 0:00:00]} 6. Ne5 {[%emt 0:00:00]} c5 {[%emt 0:00:01]} 7. Nxc4 {[%emt 0:00:03]} Qxd4 {[%emt 0:00:02]} 8. Qxd4 {[%emt 0:00:01]} cxd4 {[%emt 0:00:00]} 9. Nb6 {[%emt 0:00:02]} Bb4+ {[%emt 0:00:04]} 10. Bd2 {[%emt 0:00:02]} Bxd2+ {[%emt 0:00:02]} 11. Nxd2 {[%emt 0:00:00]} Ra7 {[%emt 0:00:03]} 12. Nxc8 {[%emt 0:00:01]} Ra8 {[%emt 0:00:00]} 13. Bxb7 {[%emt 0:00:02]} Kd8 {[%emt 0:00:05]} 14. Bxa8 {[%emt 0:00:03]} Kxc8 {[%emt 0:00:01]} 15. O-O {[%emt 0:00:02]} Nbd7 {[%emt 0:00:01]} 16. Rac1+ {[%emt 0:00:01]} Kd8 {[%emt 0:00:00]} 17. Bb7 {[%emt 0:00:02]} Ke7 {[%emt 0:00:00]} 18. Bxa6 {[%emt 0:00:01]} Ra8 {[%emt 0:00:01]} 19. Bc4 {[%emt 0:00:02]} Nb6 {[%emt 0:00:01]} 20. Bb3 {[%emt 0:00:01]} e5 {[%emt 0:00:01]} 21. Rc7+ {[%emt 0:00:01]} Kd6 {[%emt 0:00:02]} 22. Rxf7 {[%emt 0:00:00]} Nfd5 {[%emt 0:00:01]} 23. Rxg7 {[%emt 0:00:01]} Na4 {[%emt 0:00:01]} 24. Ne4+ {[%emt 0:00:01]} Ke6 {[%emt 0:00:02]} 25. Rxh7 {[%emt 0:00:02]} Nxb2 {[%emt 0:00:03]} 26. Rh6+ {[%emt 0:00:01]} Kf5 {[%emt 0:00:02]} 27. Bxd5 {[%emt 0:00:00]} Rd8 {[%emt 0:00:02]} 28. Rf6+ {[%emt 0:00:01]} Kg4 {[%emt 0:00:03]} 29. h3+ {[%emt 0:00:02]} Kh5 {[%emt 0:00:01]} 30. Bf7# {[%emt 0:00:02] (Lag: Av=0.41s, max=0.8s)} 1-0

[Event "Stay Safe Play From Home 169"]
[Site "T#646312Emanuel Laske"]
[Date "2020.05.24"]
[Round "8"]
[White "Mepe_Nika"]
[Black "Castlingarrocco"]
[Result "0-1"]
[WhiteElo "2315"]
[BlackElo "2013"]
[PlyCount "134"]
[EventDate "2020.05.24"]
[EventType "swiss (blitz)"]

1. e4 {[%emt 0:00:01]} e6 {[%emt 0:00:01]} 2. d3 {[%emt 0:00:01]} a6 {[%emt 0:00:00]} 3. Nc3 {[%emt 0:00:01]} b5 {[%emt 0:00:00]} 4. g3 {[%emt 0:00:00]} Bb7 {[%emt 0:00:00]} 5. Bg2 {[%emt 0:00:00]} Nf6 {[%emt 0:00:00]} 6. f4 {[%emt 0:00:01]} Be7 {[%emt 0:00:00]} 7. Nf3 {[%emt 0:00:00]} d5 {[%emt 0:00:01]} 8. Qe2 {[%emt 0:00:02]} c5 {[%emt 0:00:01]} 9. O-O {[%emt 0:00:01]} O-O {[%emt 0:00:02]} 10. h3 {[%emt 0:00:01]} dxe4 {[%emt 0:00:01]} 11. dxe4 {[%emt 0:00:01]} Nc6 {[%emt 0:00:01]} 12. Be3 {[%emt 0:00:01]} Qc7 {[%emt 0:00:01]} 13. e5 {[%emt 0:00:01]} Nd5 {[%emt 0:00:02]} 14. Nxd5 {[%emt 0:00:01]} exd5 {[%emt 0:00:00]} 15. c3 {[%emt 0:00:00]} Rad8 {[%emt 0:00:02]} 16. Rad1 {[%emt 0:00:01]} f6 {[%emt 0:00:01]} 17. exf6 {[%emt 0:00:01]} Bxf6 {[%emt 0:00:01]} 18. Kh2 {[%emt 0:00:01]} d4 {[%emt 0:00:01]} 19. cxd4 {[%emt 0:00:01]} cxd4 {[%emt 0:00:01]} 20. Nxd4 {[%emt 0:00:01]} Nxd4 {[%emt 0:00:01]} 21. Bxd4 {[%emt 0:00:00]} Bxd4 {[%emt 0:00:01]} 22. Rd2 {[%emt 0:00:05]} Bf6 {[%emt 0:00:03]} 23. Rfd1 {[%emt 0:00:01]} Rxd2 {[%emt 0:00:01]} 24. Rxd2 {[%emt 0:00:00]} Bxg2 {[%emt 0:00:01]} 25. Qxg2 {[%emt 0:00:00]} Qe7 {[%emt 0:00:01]} 26. Qd5+ {[%emt 0:00:01]} Qf7 {[%emt 0:00:02]} 27. h4 {[%emt 0:00:00]} Qxd5 {[%emt 0:00:01]} 28. Rxd5 {[%emt 0:00:00]} h6 {[%emt 0:00:01]} 29. b3 {[%emt 0:00:01]} Rf7 {[%emt 0:00:01]} 30. Rd6 {[%emt 0:00:01]} Ra7 {[%emt 0:00:02]} 31. Kh3 {[%emt 0:00:00]} Kf7 {[%emt 0:00:00]} 32. g4 {[%emt 0:00:01]} Ke7 {[%emt 0:00:01]} 33. Rb6 {[%emt 0:00:01]} Bd4 {[%emt 0:00:02]} 34. Rc6 {[%emt 0:00:01]} Kd7 {[%emt 0:00:01]} 35. Rc2 {[%emt 0:00:01]} Kd6 {[%emt 0:00:01]} 36. g5 {[%emt 0:00:01]} Kd5 {[%emt 0:00:01]} 37. Kg4 {[%emt 0:00:01]} Ke4 {[%emt 0:00:01]} 38. Re2+ {[%emt 0:00:01]} Kd3 {[%emt 0:00:01]} 39. Re6 {[%emt 0:00:01]} a5 {[%emt 0:00:01]} 40. h5 {[%emt 0:00:02]} hxg5 {[%emt 0:00:01]} 41. fxg5 {[%emt 0:00:00]} Rf7 {[%emt 0:00:01]} 42. Rd6 {[%emt 0:00:04]} Rf1 {[%emt 0:00:00]} 43. h6 {[%emt 0:00:01]} Rg1+ {[%emt 0:00:01]} 44. Kf5 {[%emt 0:00:01]} gxh6 {[%emt 0:00:00]} 45. gxh6 {[%emt 0:00:00]} a4 {[%emt 0:00:02]} 46. h7 {[%emt 0:00:01]} Rh1 {[%emt 0:00:01]} 47. bxa4 {[%emt 0:00:02]} bxa4 {[%emt 0:00:01]} 48. Rd7 {[%emt 0:00:01]} Kc4 {[%emt 0:00:01]} 49. Kg6 {[%emt 0:00:01]} a3 {[%emt 0:00:01]} 50. Rb7 {[%emt 0:00:02]} Bb2 {[%emt 0:00:01]} 51. Rc7+ {[%emt 0:00:02]} Kd3 {[%emt 0:00:01]} 52. Rd7+ {[%emt 0:00:01]} Kc2 {[%emt 0:00:01]} 53. Rf7 {[%emt 0:00:03]} Kb1 {[%emt 0:00:01]} 54. Kf5 {[%emt 0:00:00]} Kxa2 {[%emt 0:00:01]} 55. Ke4 {[%emt 0:00:00]} Kb1 {[%emt 0:00:00]} 56. Kd3 {[%emt 0:00:00]} a2 {[%emt 0:00:00]} 57. h8=Q {[%emt 0:00:02]} Bxh8 {[%emt 0:00:02]} 58. Rb7+ {[%emt 0:00:02]} Bb2 {[%emt 0:00:00]} 59. Rh7 {[%emt 0:00:02]} Rxh7 {[%emt 0:00:01]} 60. Kc4 {[%emt 0:00:00]} Rb7 {[%emt 0:00:00]} 61. Kd3 {[%emt 0:00:01]} a1=Q {[%emt 0:00:00]} 62. Kc4 {[%emt 0:00:00]} Qa3 {[%emt 0:00:01]} 63. Kd5 {[%emt 0:00:00]} Rb4 {[%emt 0:00:00]} 64. Kc6 {[%emt 0:00:00]} Qa5 {[%emt 0:00:00]} 65. Kd6 {[%emt 0:00:00]} Rb6+ {[%emt 0:00:00]} 66. Kc7 {[%emt 0:00:00]} Qa7+ {[%emt 0:00:00]} 67. Kc8 {[%emt 0:00:00]} Rb8# {[%emt 0:00:00] (Lag: Av=0.33s, max=0.7s)} 0-1

[Event "Stay Safe Play From Home 169"]
[Site "T#646312Emanuel Laske"]
[Date "2020.05.24"]
[Round "8"]
[White "Praveen prasad"]
[Black "Weltszmerc"]
[Result "1-0"]
[WhiteElo "2198"]
[BlackElo "2032"]
[PlyCount "85"]
[EventDate "2020.05.24"]
[EventType "swiss (blitz)"]

1. e4 {[%emt 0:00:01]} Nf6 {[%emt 0:00:00]} 2. e5 {[%emt 0:00:02]} Nd5 {[%emt 0:00:01]} 3. Nc3 {[%emt 0:00:00]} Nb6 {[%emt 0:00:00]} 4. Nf3 {[%emt 0:00:02]} d6 {[%emt 0:00:00]} 5. exd6 {[%emt 0:00:02]} cxd6 {[%emt 0:00:01]} 6. d4 {[%emt 0:00:00]} Bg4 {[%emt 0:00:01]} 7. h3 {[%emt 0:00:00]} Bh5 {[%emt 0:00:02]} 8. Be2 {[%emt 0:00:02]} e6 {[%emt 0:00:01]} 9. Nh2 {[%emt 0:00:01]} Bxe2 {[%emt 0:00:01]} 10. Qxe2 {[%emt 0:00:00]} d5 {[%emt 0:00:01]} 11. Bf4 {[%emt 0:00:01]} Nc6 {[%emt 0:00:01]} 12. O-O {[%emt 0:00:01]} Nxd4 {[%emt 0:00:01]} 13. Qd3 {[%emt 0:00:02]} Nc6 {[%emt 0:00:03]} 14. Be3 {[%emt 0:00:01]} Nc4 {[%emt 0:00:02]} 15. Bf4 {[%emt 0:00:07]} Nxb2 {[%emt 0:00:02]} 16. Qb5 {[%emt 0:00:01]} Nc4 {[%emt 0:00:04]} 17. Qxb7 {[%emt 0:00:01]} Qc8 {[%emt 0:00:01]} 18. Qb5 {[%emt 0:00:02]} Bd6 {[%emt 0:00:03]} 19. Bxd6 {[%emt 0:00:04]} Nxd6 {[%emt 0:00:00]} 20. Qa4 {[%emt 0:00:00]} O-O {[%emt 0:00:01]} 21. Nb5 {[%emt 0:00:02]} Nxb5 {[%emt 0:00:02]} 22. Qxb5 {[%emt 0:00:00]} Rb8 {[%emt 0:00:00]} 23. Qa4 {[%emt 0:00:02]} Qb7 {[%emt 0:00:03]} 24. Rfe1 {[%emt 0:00:02]} a5 {[%emt 0:00:02]} 25. Qg4 {[%emt 0:00:02]} Qb4 {[%emt 0:00:03]} 26. Qg3 {[%emt 0:00:01]} Rfc8 {[%emt 0:00:07]} 27. c3 {[%emt 0:00:01]} Qc5 {[%emt 0:00:01]} 28. Ng4 {[%emt 0:00:01]} Ne7 {[%emt 0:00:03]} 29. Nf6+ {[%emt 0:00:01]} Kh8 {[%emt 0:00:02]} 30. Nd7 {[%emt 0:00:01]} Qa7 {[%emt 0:00:03]} 31. Nxb8 {[%emt 0:00:01]} Qxb8 {[%emt 0:00:01]} 32. Rab1 {[%emt 0:00:01]} Qxg3 {[%emt 0:00:02]} 33. fxg3 {[%emt 0:00:00]} g6 {[%emt 0:00:00]} 34. Re3 {[%emt 0:00:03]} Kg7 {[%emt 0:00:01]} 35. g4 {[%emt 0:00:01]} h6 {[%emt 0:00:01]} 36. Rb7 {[%emt 0:00:01]} Kf8 {[%emt 0:00:01]} 37. Rf3 {[%emt 0:00:01]} Rc4 {[%emt 0:00:03]} 38. Kh2 {[%emt 0:00:01]} Ra4 {[%emt 0:00:01]} 39. Rf2 {[%emt 0:00:01]} Rc4 {[%emt 0:00:00]} 40. Rf3 {[%emt 0:00:02]} Rc8 {[%emt 0:00:00]} 41. Rb6 {[%emt 0:00:02]} Rc4 {[%emt 0:00:00]} 42. Rb2 {[%emt 0:00:00]} Kg7 {[%emt 0:00:00]} 43. Rbf2 {[%emt 0:00:00] Czas partii} 1-0

[Event "Stay Safe Play From Home 169"]
[Site "T#646312Emanuel Laske"]
[Date "2020.05.24"]
[Round "8"]
[White "SoulofWolf"]
[Black "Tobo Rubirosa"]
[Result "1-0"]
[WhiteElo "2145"]
[BlackElo "1510"]
[PlyCount "49"]
[EventDate "2020.05.24"]
[EventType "swiss (blitz)"]

1. Nf3 {[%emt 0:00:01]} c5 {[%emt 0:00:02]} 2. c4 {[%emt 0:00:00]} d5 {[%emt 0:00:02]} 3. e3 {[%emt 0:00:00]} d4 {[%emt 0:00:02]} 4. exd4 {[%emt 0:00:00]} cxd4 {[%emt 0:00:01]} 5. Bd3 {[%emt 0:00:01]} Nf6 {[%emt 0:00:03]} 6. h3 {[%emt 0:00:01]} Nc6 {[%emt 0:00:01]} 7. O-O {[%emt 0:00:00]} e5 {[%emt 0:00:01]} 8. Re1 {[%emt 0:00:01]} Qd6 {[%emt 0:00:04]} 9. a3 {[%emt 0:00:03]} Be7 {[%emt 0:00:02]} 10. b4 {[%emt 0:00:01]} Nd7 {[%emt 0:00:05]} 11. Bb2 {[%emt 0:00:03]} O-O {[%emt 0:00:02]} 12. b5 {[%emt 0:00:01]} Nd8 {[%emt 0:00:02]} 13. Qe2 {[%emt 0:00:02]} Ne6 {[%emt 0:00:02]} 14. a4 {[%emt 0:00:07]} Nf4 {[%emt 0:00:01]} 15. Qf1 {[%emt 0:00:01]} Bf6 {[%emt 0:00:05]} 16. Ba3 {[%emt 0:00:01]} Qe6 {[%emt 0:00:03]} 17. Be4 {[%emt 0:00:05]} Be7 {[%emt 0:00:04]} 18. Bxe7 {[%emt 0:00:06]} Qxe7 {[%emt 0:00:02]} 19. g3 {[%emt 0:00:02]} f5 {[%emt 0:00:01]} 20. Bd5+ {[%emt 0:00:01]} Nxd5 {[%emt 0:00:02]} 21. cxd5 {[%emt 0:00:00]} e4 {[%emt 0:00:02]} 22. Nxd4 {[%emt 0:00:01]} Qf6 {[%emt 0:00:02]} 23. Qc4 {[%emt 0:00:03]} Kh8 {[%emt 0:00:06]} 24. Ra3 {[%emt 0:00:01]} Ne5 {[%emt 0:00:03] '} 25. Qe2 {[%emt 0:00:02] (Lag: Av=0.93s, max=4.2s)} 1-0

[Event "Stay Safe Play From Home 169"]
[Site "T#646312Emanuel Laske"]
[Date "2020.05.24"]
[Round "9"]
[White "SoulofWolf"]
[Black "Mepe_Nika"]
[Result "1-0"]
[WhiteElo "2146"]
[BlackElo "2286"]
[PlyCount "147"]
[EventDate "2020.05.24"]
[EventType "swiss (blitz)"]

1. Nf3 {[%emt 0:00:01]} d5 {[%emt 0:00:01]} 2. c4 {[%emt 0:00:00]} c6 {[%emt 0:00:00]} 3. e3 {[%emt 0:00:00]} Nf6 {[%emt 0:00:01]} 4. b3 {[%emt 0:00:00]} Bg4 {[%emt 0:00:01]} 5. Bb2 {[%emt 0:00:00]} e6 {[%emt 0:00:01]} 6. d3 {[%emt 0:00:01]} Nbd7 {[%emt 0:00:00]} 7. Nbd2 {[%emt 0:00:00]} Bb4 {[%emt 0:00:01]} 8. a3 {[%emt 0:00:01]} Bd6 {[%emt 0:00:01]} 9. h3 {[%emt 0:00:01]} Bh5 {[%emt 0:00:01]} 10. Be2 {[%emt 0:00:00]} O-O {[%emt 0:00:01]} 11. O-O {[%emt 0:00:01]} e5 {[%emt 0:00:00]} 12. Re1 {[%emt 0:00:01]} Qe7 {[%emt 0:00:02]} 13. Qc2 {[%emt 0:00:00]} Rac8 {[%emt 0:00:01]} 14. Rac1 {[%emt 0:00:02]} Rfe8 {[%emt 0:00:01]} 15. b4 {[%emt 0:00:01]} a6 {[%emt 0:00:02]} 16. Bc3 {[%emt 0:00:04]} Bb8 {[%emt 0:00:01]} 17. Ba1 {[%emt 0:00:02]} h6 {[%emt 0:00:01]} 18. g3 {[%emt 0:00:01]} Bg6 {[%emt 0:00:01]} 19. e4 {[%emt 0:00:01]} Qe6 {[%emt 0:00:02]} 20. Kg2 {[%emt 0:00:01]} d4 {[%emt 0:00:02]} 21. c5 {[%emt 0:00:02]} Bc7 {[%emt 0:00:01]} 22. Nf1 {[%emt 0:00:01]} Nf8 {[%emt 0:00:01]} 23. N1h2 {[%emt 0:00:01]} Qd7 {[%emt 0:00:01]} 24. Nh4 {[%emt 0:00:01]} Bh7 {[%emt 0:00:01]} 25. Ng4 {[%emt 0:00:02]} Nxg4 {[%emt 0:00:02]} 26. Bxg4 {[%emt 0:00:00]} Qd8 {[%emt 0:00:01]} 27. Nf5 {[%emt 0:00:02]} Ne6 {[%emt 0:00:02]} 28. Rf1 {[%emt 0:00:02]} f6 {[%emt 0:00:02]} 29. f3 {[%emt 0:00:03]} Bxf5 {[%emt 0:00:01]} 30. Bxf5 {[%emt 0:00:01]} Rb8 {[%emt 0:00:00]} 31. Bg6 {[%emt 0:00:01]} Re7 {[%emt 0:00:01]} 32. Bf5 {[%emt 0:00:01]} Nf8 {[%emt 0:00:00]} 33. h4 {[%emt 0:00:01]} g6 {[%emt 0:00:01]} 34. Bh3 {[%emt 0:00:01]} Kg7 {[%emt 0:00:00]} 35. Qd2 {[%emt 0:00:00]} Rf7 {[%emt 0:00:01]} 36. Rcd1 {[%emt 0:00:00]} Qe7 {[%emt 0:00:01]} 37. Bb2 {[%emt 0:00:01]} Rd8 {[%emt 0:00:01]} 38. Bc1 {[%emt 0:00:00]} Ra8 {[%emt 0:00:01]} 39. Qxh6+ {[%emt 0:00:01]} Kg8 {[%emt 0:00:02]} 40. Qd2 {[%emt 0:00:02]} a5 {[%emt 0:00:01]} 41. Bb2 {[%emt 0:00:01]} axb4 {[%emt 0:00:01]} 42. axb4 {[%emt 0:00:00]} Ra2 {[%emt 0:00:01]} 43. Qc2 {[%emt 0:00:01]} b6 {[%emt 0:00:02]} 44. Qb3 {[%emt 0:00:01]} Rxb2+ {[%emt 0:00:01]} 45. Qxb2 {[%emt 0:00:01]} bxc5 {[%emt 0:00:00]} 46. bxc5 {[%emt 0:00:02]} Qxc5 {[%emt 0:00:00]} 47. Rc1 {[%emt 0:00:00]} Qd6 {[%emt 0:00:00]} 48. Qc2 {[%emt 0:00:01]} Qa3 {[%emt 0:00:04]} 49. Qxc6 {[%emt 0:00:02]} Qxd3 {[%emt 0:00:01]} 50. Qc2 {[%emt 0:00:03]} Qe3 {[%emt 0:00:01]} 51. Qf2 {[%emt 0:00:01]} Qa3 {[%emt 0:00:01]} 52. Rc2 {[%emt 0:00:01]} Qe7 {[%emt 0:00:00]} 53. Rfc1 {[%emt 0:00:00]} Ne6 {[%emt 0:00:01]} 54. f4 {[%emt 0:00:01]} Nc5 {[%emt 0:00:01]} 55. f5 {[%emt 0:00:01]} Nd3 {[%emt 0:00:01]} 56. Qe2 {[%emt 0:00:01]} Nxc1 {[%emt 0:00:01]} 57. Rxc1 {[%emt 0:00:00]} g5 {[%emt 0:00:01]} 58. h5 {[%emt 0:00:01]} Kg7 {[%emt 0:00:01]} 59. Bg4 {[%emt 0:00:00]} Kh6 {[%emt 0:00:00]} 60. Qd3 {[%emt 0:00:00]} Bd6 {[%emt 0:00:00]} 61. Rd1 {[%emt 0:00:00]} Qa7 {[%emt 0:00:01]} 62. Qe2 {[%emt 0:00:00]} Qc5 {[%emt 0:00:00]} 63. Rd2 {[%emt 0:00:00]} Qc3 {[%emt 0:00:00]} 64. Qf2 {[%emt 0:00:00]} Qe3 {[%emt 0:00:00]} 65. Re2 {[%emt 0:00:00]} Qxf2+ {[%emt 0:00:01]} 66. Rxf2 {[%emt 0:00:00]} d3 {[%emt 0:00:00]} 67. Rd2 {[%emt 0:00:00]} Bc5 {[%emt 0:00:01]} 68. Bf3 {[%emt 0:00:00]} Bd4 {[%emt 0:00:00]} 69. Be2 {[%emt 0:00:00]} Rc7 {[%emt 0:00:00]} 70. Bxd3 {[%emt 0:00:00]} Rc3 {[%emt 0:00:00]} 71. Bc2 {[%emt 0:00:01]} Re3 {[%emt 0:00:00]} 72. Bd1 {[%emt 0:00:00]} Bc3 {[%emt 0:00:00]} 73. Re2 {[%emt 0:00:01]} Bd2 {[%emt 0:00:00]} 74. Rxe3 {[%emt 0:00:00] Time (Lag: Av=0.39s, max=1.1s)} 1-0

[Event "Stay Safe Play From Home 169"]
[Site "T#646312Emanuel Laske"]
[Date "2020.05.24"]
[Round "9"]
[White "Castlingarrocco"]
[Black "Praveen prasad"]
[Result "1/2-1/2"]
[WhiteElo "2042"]
[BlackElo "2208"]
[PlyCount "143"]
[EventDate "2020.05.24"]
[EventType "swiss (blitz)"]

1. d4 {[%emt 0:00:01]} d5 {[%emt 0:00:01]} 2. e3 {[%emt 0:00:00]} c5 {[%emt 0:00:01]} 3. f4 {[%emt 0:00:00]} cxd4 {[%emt 0:00:01]} 4. exd4 {[%emt 0:00:00]} Nf6 {[%emt 0:00:01]} 5. c3 {[%emt 0:00:00]} Nc6 {[%emt 0:00:00]} 6. Nf3 {[%emt 0:00:00]} Bg4 {[%emt 0:00:01]} 7. Be2 {[%emt 0:00:01]} Bxf3 {[%emt 0:00:00]} 8. Bxf3 {[%emt 0:00:01]} e6 {[%emt 0:00:00]} 9. Qe2 {[%emt 0:00:00]} Be7 {[%emt 0:00:01]} 10. O-O {[%emt 0:00:00]} O-O {[%emt 0:00:01]} 11. g3 {[%emt 0:00:00]} Re8 {[%emt 0:00:00]} 12. Bg2 {[%emt 0:00:01]} a6 {[%emt 0:00:01]} 13. Nd2 {[%emt 0:00:01]} Nd7 {[%emt 0:00:00]} 14. Nf3 {[%emt 0:00:01]} Bf6 {[%emt 0:00:01]} 15. Ne5 {[%emt 0:00:01]} Nf8 {[%emt 0:00:01]} 16. Qf2 {[%emt 0:00:01]} Rc8 {[%emt 0:00:01]} 17. Be3 {[%emt 0:00:01]} Qc7 {[%emt 0:00:02]} 18. g4 {[%emt 0:00:01]} h6 {[%emt 0:00:01]} 19. Qg3 {[%emt 0:00:01]} Bd8 {[%emt 0:00:03]} 20. h4 {[%emt 0:00:01]} f6 {[%emt 0:00:01]} 21. Nxc6 {[%emt 0:00:01]} bxc6 {[%emt 0:00:00]} 22. g5 {[%emt 0:00:02]} hxg5 {[%emt 0:00:02]} 23. hxg5 {[%emt 0:00:01]} f5 {[%emt 0:00:00]} 24. Bf3 {[%emt 0:00:02]} g6 {[%emt 0:00:00]} 25. Kg2 {[%emt 0:00:01]} Re7 {[%emt 0:00:00]} 26. Rh1 {[%emt 0:00:01]} Qb8 {[%emt 0:00:01]} 27. Qh3 {[%emt 0:00:01]} Rh7 {[%emt 0:00:02]} 28. Qg3 {[%emt 0:00:03]} Rcc7 {[%emt 0:00:00]} 29. Bf2 {[%emt 0:00:01]} Rxh1 {[%emt 0:00:06]} 30. Rxh1 {[%emt 0:00:02]} Qxb2 {[%emt 0:00:01]} 31. Qh3 {[%emt 0:00:06]} Rh7 {[%emt 0:00:01]} 32. Qg3 {[%emt 0:00:01]} Rxh1 {[%emt 0:00:03]} 33. Kxh1 {[%emt 0:00:00]} Qxc3 {[%emt 0:00:00]} 34. Kg2 {[%emt 0:00:01]} Qb2 {[%emt 0:00:02]} 35. Bd1 {[%emt 0:00:04]} Bb6 {[%emt 0:00:02]} 36. Qe3 {[%emt 0:00:01]} Qxa2 {[%emt 0:00:01]} 37. Be2 {[%emt 0:00:01]} Qa3 {[%emt 0:00:01]} 38. Bd3 {[%emt 0:00:01]} Qd6 {[%emt 0:00:03]} 39. Qd2 {[%emt 0:00:02]} a5 {[%emt 0:00:01]} 40. Qa2 {[%emt 0:00:01]} Bc7 {[%emt 0:00:01]} 41. Be3 {[%emt 0:00:01]} Qb4 {[%emt 0:00:01]} 42. Bd2 {[%emt 0:00:01]} Qxd4 {[%emt 0:00:02]} 43. Bf1 {[%emt 0:00:02]} Qe4+ {[%emt 0:00:00]} 44. Kf2 {[%emt 0:00:02]} Bxf4 {[%emt 0:00:00]} 45. Bg2 {[%emt 0:00:01]} Qd4+ {[%emt 0:00:02]} 46. Ke2 {[%emt 0:00:00]} Qxd2+ {[%emt 0:00:01]} 47. Qxd2 {[%emt 0:00:00]} Bxd2 {[%emt 0:00:01]} 48. Kxd2 {[%emt 0:00:00]} e5 {[%emt 0:00:00]} 49. Kc3 {[%emt 0:00:00]} Ne6 {[%emt 0:00:00]} 50. Bf1 {[%emt 0:00:00]} Nxg5 {[%emt 0:00:00]} 51. Kb3 {[%emt 0:00:00]} d4 {[%emt 0:00:00]} 52. Ka4 {[%emt 0:00:00]} f4 {[%emt 0:00:00]} 53. Bd3 {[%emt 0:00:00]} Kg7 {[%emt 0:00:00]} 54. Bf1 {[%emt 0:00:00]} Kf6 {[%emt 0:00:00]} 55. Kb3 {[%emt 0:00:01]} f3 {[%emt 0:00:00]} 56. Kc4 {[%emt 0:00:00]} f2 {[%emt 0:00:00]} 57. Bd3 {[%emt 0:00:00]} Ne6 {[%emt 0:00:01]} 58. Bf1 {[%emt 0:00:00]} Nf4 {[%emt 0:00:00]} 59. Kc5 {[%emt 0:00:01]} g5 {[%emt 0:00:00]} 60. Kc4 {[%emt 0:00:01]} g4 {[%emt 0:00:00]} 61. Kc5 {[%emt 0:00:01]} g3 {[%emt 0:00:00]} 62. Kxc6 {[%emt 0:00:00]} g2 {[%emt 0:00:00]} 63. Bb5 {[%emt 0:00:00]} g1=Q {[%emt 0:00:01]} 64. Kd6 {[%emt 0:00:00]} Qe1 {[%emt 0:00:00]} 65. Bd7 {[%emt 0:00:00]} Qc3 {[%emt 0:00:00]} 66. Bc6 {[%emt 0:00:02]} Qb4+ {[%emt 0:00:00]} 67. Kd7 {[%emt 0:00:00]} e4 {[%emt 0:00:00]} 68. Bxe4 {[%emt 0:00:01]} d3 {[%emt 0:00:00]} 69. Bf3 {[%emt 0:00:00]} f1=Q {[%emt 0:00:00]} 70. Bg2 {[%emt 0:00:00]} Qd4+ {[%emt 0:00:00]} 71. Ke8 {[%emt 0:00:01]} Qxg2 {[%emt 0:00:00]} 72. Kf8 {[%emt 0:00:00] Time (Lag: Av=0.98s, max=1.7s)} 1/2-1/2